| Tag |
First Indicator |
Second Indicator |
Subfields |
| LEADER |
00000cas a2200000 a 4500 |
| 001 |
in00000010533 |
| 005 |
20151007051405.0 |
| 008 |
871224c19939999enkmrzp 0 a0eng d |
| 010 |
|
|
|a sn 93018212
|
| 019 |
|
|
|a 28918471
|
| 022 |
|
|
|a 1463-9505
|9 0953-6973
|
| 035 |
|
|
|a (OCoLC)ocm28912371
|
| 035 |
|
|
|a (OCoLC)28912371
|
| 035 |
|
|
|9 AAA2748AM
|
| 037 |
|
|
|b Tower Publishing, Tower House, Sovereign Park, Lathkill St., Market Harborough LE16 9EF
|
| 040 |
|
|
|a UOK
|c UOK
|d OCL
|d CLU
|d WAU
|d HUL
|d DLC
|d WAU
|d SYS
|d NSD
|d TXA
|d UtOrBLW
|
| 042 |
|
|
|a lcd
|a nsdp
|
| 043 |
|
|
|a e-uk---
|
| 049 |
|
|
|a TXAM
|
| 050 |
1 |
0 |
|a ISSN RECORD
|
| 050 |
1 |
4 |
|a NA12
|b .R53
|
| 130 |
0 |
|
|a RIBA journal (1993)
|
| 210 |
0 |
|
|a RIBA j.
|b (1993)
|
| 222 |
|
0 |
|a RIBA journal
|b (1993)
|
| 245 |
1 |
0 |
|a RIBA journal.
|
| 246 |
3 |
|
|a Royal Institute of British Architects journal
|
| 264 |
|
1 |
|a London :
|b RIBA Journals,
|c 1993-
|
| 300 |
|
|
|a volumes :
|b illustrations ;
|c 30 cm.
|
| 310 |
|
|
|a Monthly
|
| 336 |
|
|
|a text
|b txt
|2 rdacontent
|
| 337 |
|
|
|a unmediated
|b n
|2 rdamedia
|
| 338 |
|
|
|a volume
|b nc
|2 rdacarrier
|
| 362 |
0 |
|
|a Vol. 100, no. 9 (Sept. 1993)-
|
| 500 |
|
|
|a Title from cover.
|
| 525 |
|
|
|a Issues for May 1999- include supplement: Grand designs.
|
| 580 |
|
|
|a Includes, as a section of each issue, Practice (London, England).
|
| 650 |
|
0 |
|a Architecture
|z Great Britain
|v Periodicals.
|
| 610 |
2 |
0 |
|a Royal Institute of British Architects
|v Periodicals.
|
| 710 |
2 |
|
|a Royal Institute of British Architects.
|
| 730 |
0 |
|
|a Practice (London, England)
|
| 780 |
0 |
0 |
|t Journal (Royal Institute of British Architects : overseas ed.)
|x 0953-6973
|w (DLC)sn 88033026
|w (OCoLC)17285107
|
| 787 |
1 |
|
|t Practice (London, England)
|w (DLC)sn 86022048
|w (OCoLC)13660624
|
| 850 |
|
|
|a CLU
|a NjP
|a WaU
|
| 891 |
3 |
3 |
|9 853
|8 1
|a v.
|b no.
|u 12
|v r
|i (year)
|j (month)
|
| 891 |
3 |
0 |
|9 863
|8 1
|a <100>
|b <9>-
|i <1993>
|j <Sept.>-
|x provisional
|
| 936 |
|
|
|a Vol. 106, no. 5 (May 1999) LIC
|
| 994 |
|
|
|a E0
|b TXA
|
| 948 |
|
|
|a Cataloged
|b h
|c 2004/10/25
|d c
|e mshipova
|f 2:41:26 pm
|
| 999 |
|
|
|a MARS
|
| 999 |
f |
f |
|s 5749da5e-dc88-310e-9a44-34f1e6096871
|i 929c9f84-482e-3e7f-a305-b6adcefccb9c
|t 0
|
| 952 |
f |
f |
|p ric
|a Texas A&M University
|b Rellis Campus
|c Joint Library Facility
|d Remote Storage
|t 0
|e NA12 .R65
|h Library of Congress classification
|i unmediated -- volume
|k v.113:no.4-6
|l 2006:Apr.-June
|m A14834662920
|
| 952 |
f |
f |
|p ric
|a Texas A&M University
|b Rellis Campus
|c Joint Library Facility
|d Remote Storage
|t 0
|e NA12 .R65
|h Library of Congress classification
|i unmediated -- volume
|k v.118:no.9-11
|l 2011:Sept.-Nov.
|m A14841641082
|
| 952 |
f |
f |
|p ric
|a Texas A&M University
|b Rellis Campus
|c Joint Library Facility
|d Remote Storage
|t 0
|e NA12 .R65
|h Library of Congress classification
|i unmediated -- volume
|k v.106:no.10-12
|l 1999:Oct.-Dec.
|m A14825976558
|
| 952 |
f |
f |
|p ric
|a Texas A&M University
|b Rellis Campus
|c Joint Library Facility
|d Remote Storage
|t 0
|e NA12 .R65
|h Library of Congress classification
|i unmediated -- volume
|k v.115:no.4-6
|l 2008:Apr.-June
|m A14834737199
|
| 952 |
f |
f |
|p ric
|a Texas A&M University
|b Rellis Campus
|c Joint Library Facility
|d Remote Storage
|t 0
|e NA12 .R65
|h Library of Congress classification
|i unmediated -- volume
|k v.116:no.4-6
|l 2009:Apr.-June
|m A14838828112
|
| 952 |
f |
f |
|p ric
|a Texas A&M University
|b Rellis Campus
|c Joint Library Facility
|d Remote Storage
|t 0
|e NA12 .R65
|h Library of Congress classification
|i unmediated -- volume
|k v.123:issue 1-4
|l 2016:Jan.-Apr.
|m A14843541310
|
| 952 |
f |
f |
|p ric
|a Texas A&M University
|b Rellis Campus
|c Joint Library Facility
|d Remote Storage
|t 0
|e NA12 .R65
|h Library of Congress classification
|i unmediated -- volume
|l 1995:May:Suppl.
|m A14819991697
|
| 952 |
f |
f |
|p ric
|a Texas A&M University
|b Rellis Campus
|c Joint Library Facility
|d Remote Storage
|t 0
|e NA12 .R65
|h Library of Congress classification
|i unmediated -- volume
|k v.103:no.1-2,4-6
|l 1996:Jan.-Feb.,Apr.-June
|m A14821522763
|
| 952 |
f |
f |
|p ric
|a Texas A&M University
|b Rellis Campus
|c Joint Library Facility
|d Remote Storage
|t 0
|e NA12 .R65
|h Library of Congress classification
|i unmediated -- volume
|k v.108:no.1-3
|l 2001:Jan.-Mar.
|m A14827927961
|
| 952 |
f |
f |
|p ric
|a Texas A&M University
|b Rellis Campus
|c Joint Library Facility
|d Remote Storage
|t 0
|e NA12 .R65
|h Library of Congress classification
|i unmediated -- volume
|k v.120:no.9-10
|l 2013:Sept.-Oct.
|m A14842846322
|
| 952 |
f |
f |
|p ric
|a Texas A&M University
|b Rellis Campus
|c Joint Library Facility
|d Remote Storage
|t 0
|e NA12 .R65
|h Library of Congress classification
|i unmediated -- volume
|k v.125:issue 7-9
|l 2018:July-Sept.
|m A14850391278
|
| 952 |
f |
f |
|p ric
|a Texas A&M University
|b Rellis Campus
|c Joint Library Facility
|d Remote Storage
|t 0
|e NA12 .R65
|h Library of Congress classification
|i unmediated -- volume
|l 1995:Dec.:Suppl.
|m A14819991095
|
| 952 |
f |
f |
|p ric
|a Texas A&M University
|b Rellis Campus
|c Joint Library Facility
|d Remote Storage
|t 0
|e NA12 .R65
|h Library of Congress classification
|i unmediated -- volume
|k v.111:no.9-12
|l 2004:Sept.-Dec.
|m A14833677053
|
| 952 |
f |
f |
|p ric
|a Texas A&M University
|b Rellis Campus
|c Joint Library Facility
|d Remote Storage
|t 0
|e NA12 .R65
|h Library of Congress classification
|i unmediated -- volume
|k v.105:no.1-6
|l 1998:Jan.-June
|m A14823752128
|
| 952 |
f |
f |
|p ric
|a Texas A&M University
|b Rellis Campus
|c Joint Library Facility
|d Remote Storage
|t 0
|e NA12 .R65
|h Library of Congress classification
|i unmediated -- volume
|k v.119:no.5-7/8
|l 2012:May-July/Aug.
|m A14841641155
|
| 952 |
f |
f |
|p ric
|a Texas A&M University
|b Rellis Campus
|c Joint Library Facility
|d Remote Storage
|t 0
|e NA12 .R65
|h Library of Congress classification
|i unmediated -- volume
|k v.121:no.1-3
|l 2014:Jan.-Mar.
|m A14842846306
|
| 952 |
f |
f |
|p ric
|a Texas A&M University
|b Rellis Campus
|c Joint Library Facility
|d Remote Storage
|t 0
|e NA12 .R65
|h Library of Congress classification
|i unmediated -- volume
|k v.123:issue 7-8
|l 2016:May-Aug.
|m A14850112666
|
| 952 |
f |
f |
|p ric
|a Texas A&M University
|b Rellis Campus
|c Joint Library Facility
|d Remote Storage
|t 0
|e NA12 .R65
|h Library of Congress classification
|i unmediated -- volume
|k v.122:issue 1-4
|l 2015:Jan.-Apr.
|m A14843300980
|
| 952 |
f |
f |
|p ric
|a Texas A&M University
|b Rellis Campus
|c Joint Library Facility
|d Remote Storage
|t 0
|e NA12 .R65
|h Library of Congress classification
|i unmediated -- volume
|k v.120:no.11-12
|l 2013:Nov.-Dec.
|m A14842846314
|
| 952 |
f |
f |
|p ric
|a Texas A&M University
|b Rellis Campus
|c Joint Library Facility
|d Remote Storage
|t 0
|e NA12 .R65
|h Library of Congress classification
|i unmediated -- volume
|k v.124:issue 10-12
|l 2017:Oct.-Dec.
|m A14850391633
|
| 952 |
f |
f |
|p ric
|a Texas A&M University
|b Rellis Campus
|c Joint Library Facility
|d Remote Storage
|t 0
|e NA12 .R65
|h Library of Congress classification
|i unmediated -- volume
|k v.115:no.1-3
|l 2008:Jan.-Mar.
|m A14834737115
|
| 952 |
f |
f |
|p ric
|a Texas A&M University
|b Rellis Campus
|c Joint Library Facility
|d Remote Storage
|t 0
|e NA12 .R65
|h Library of Congress classification
|i unmediated -- volume
|k v.125:issue 10-12
|l 2018:Oct.-Dec.
|m A14850932469
|
| 952 |
f |
f |
|p ric
|a Texas A&M University
|b Rellis Campus
|c Joint Library Facility
|d Remote Storage
|t 0
|e NA12 .R65
|h Library of Congress classification
|i unmediated -- volume
|k v.103:no.7-12
|l 1996:July-Dec.
|m A14821522860
|
| 952 |
f |
f |
|p ric
|a Texas A&M University
|b Rellis Campus
|c Joint Library Facility
|d Remote Storage
|t 0
|e NA12 .R65
|h Library of Congress classification
|i unmediated -- volume
|k v.106:no.7-9
|l 1999:July-Sept.
|m A14825976590
|
| 952 |
f |
f |
|p ric
|a Texas A&M University
|b Rellis Campus
|c Joint Library Facility
|d Remote Storage
|t 0
|e NA12 .R65
|h Library of Congress classification
|i unmediated -- volume
|k v.123:issue 9-10
|l 2016:Sept.-Oct.
|m A14850114308
|
| 952 |
f |
f |
|p ric
|a Texas A&M University
|b Rellis Campus
|c Joint Library Facility
|d Remote Storage
|t 0
|e NA12 .R65
|h Library of Congress classification
|i unmediated -- volume
|k v.116:no.1-3
|l 2009:Jan.-Mar.
|m A14838828104
|
| 952 |
f |
f |
|p ric
|a Texas A&M University
|b Rellis Campus
|c Joint Library Facility
|d Remote Storage
|t 0
|e NA12 .R65
|h Library of Congress classification
|i unmediated -- volume
|k v.124:issue 4-6
|l 2017:Apr.-June
|m A14850114324
|
| 952 |
f |
f |
|p ric
|a Texas A&M University
|b Rellis Campus
|c Joint Library Facility
|d Remote Storage
|t 0
|e NA12 .R65
|h Library of Congress classification
|i unmediated -- volume
|k v.114:no.4-6
|l 2007:Apr.-June
|m A14836439886
|
| 952 |
f |
f |
|p ric
|a Texas A&M University
|b Rellis Campus
|c Joint Library Facility
|d Remote Storage
|t 0
|e NA12 .R65
|h Library of Congress classification
|i unmediated -- volume
|k v.108:no.7-9
|l 2001:July-Sept.
|m A14828565720
|
| 952 |
f |
f |
|p ric
|a Texas A&M University
|b Rellis Campus
|c Joint Library Facility
|d Remote Storage
|t 0
|e NA12 .R65
|h Library of Congress classification
|i unmediated -- volume
|k v.111:no.1-4
|l 2004:Jan.-Apr.
|m A14832195121
|
| 952 |
f |
f |
|p ric
|a Texas A&M University
|b Rellis Campus
|c Joint Library Facility
|d Remote Storage
|t 0
|e NA12 .R65
|h Library of Congress classification
|i unmediated -- volume
|k v.109:no.10-12
|l 2002:Oct.-Dec.
|m A14830643348
|
| 952 |
f |
f |
|p ric
|a Texas A&M University
|b Rellis Campus
|c Joint Library Facility
|d Remote Storage
|t 0
|e NA12 .R65
|h Library of Congress classification
|i unmediated -- volume
|k v.122:issue 5-8
|l 2015:May-Aug.
|m A14843301004
|
| 952 |
f |
f |
|p ric
|a Texas A&M University
|b Rellis Campus
|c Joint Library Facility
|d Remote Storage
|t 0
|e NA12 .R65
|h Library of Congress classification
|i unmediated -- volume
|k v.109:no.7-9
|l 2002:July-Sept.
|m A14829630201
|
| 952 |
f |
f |
|p ric
|a Texas A&M University
|b Rellis Campus
|c Joint Library Facility
|d Remote Storage
|t 0
|e NA12 .R65
|h Library of Congress classification
|i unmediated -- volume
|k v.121:no.12
|l 2014:Dec.
|m A14843301095
|
| 952 |
f |
f |
|p ric
|a Texas A&M University
|b Rellis Campus
|c Joint Library Facility
|d Remote Storage
|t 0
|e NA12 .R65
|h Library of Congress classification
|i unmediated -- volume
|k v.104:no.7-12
|l 1997:July-Dec.
|m A14822181099
|
| 952 |
f |
f |
|p ric
|a Texas A&M University
|b Rellis Campus
|c Joint Library Facility
|d Remote Storage
|t 0
|e NA12 .R65
|h Library of Congress classification
|i unmediated -- volume
|k v.113:no.10-12
|l 2006:Oct.-Dec.
|m A14835089963
|
| 952 |
f |
f |
|p ric
|a Texas A&M University
|b Rellis Campus
|c Joint Library Facility
|d Remote Storage
|t 0
|e NA12 .R65
|h Library of Congress classification
|i unmediated -- volume
|k v.120:no.3-8
|l 2013:Mar.-Aug.
|m A14842846330
|
| 952 |
f |
f |
|p ric
|a Texas A&M University
|b Rellis Campus
|c Joint Library Facility
|d Remote Storage
|t 0
|e NA12 .R65
|h Library of Congress classification
|i unmediated -- volume
|k v.108:no.10-12
|l 2001:Oct.-Dec.
|m A14828565681
|
| 952 |
f |
f |
|p ric
|a Texas A&M University
|b Rellis Campus
|c Joint Library Facility
|d Remote Storage
|t 0
|e NA12 .R65
|h Library of Congress classification
|i unmediated -- volume
|k v.117:no.12/118:no.1-4
|l 2010/2011:Dec./Jan.-Apr.
|m A14839511970
|
| 952 |
f |
f |
|p ric
|a Texas A&M University
|b Rellis Campus
|c Joint Library Facility
|d Remote Storage
|t 0
|e NA12 .R65
|h Library of Congress classification
|i unmediated -- volume
|k v.117:no.9-11
|l 2010:Sept.-Nov.
|m A14839511506
|
| 952 |
f |
f |
|p ric
|a Texas A&M University
|b Rellis Campus
|c Joint Library Facility
|d Remote Storage
|t 0
|e NA12 .R65
|h Library of Congress classification
|i unmediated -- volume
|k v.125:issue 1-3
|l 2018:Jan.-Mar.
|m A14850391518
|
| 952 |
f |
f |
|p ric
|a Texas A&M University
|b Rellis Campus
|c Joint Library Facility
|d Remote Storage
|t 0
|e NA12 .R65
|h Library of Congress classification
|i unmediated -- volume
|k v.110:no.1-4
|l 2003:Jan.-Apr.
|m A14830643306
|
| 952 |
f |
f |
|p ric
|a Texas A&M University
|b Rellis Campus
|c Joint Library Facility
|d Remote Storage
|t 0
|e NA12 .R65
|h Library of Congress classification
|i unmediated -- volume
|k v.111:no.5-8
|l 2004:May-Aug.
|m A14831473738
|
| 952 |
f |
f |
|p ric
|a Texas A&M University
|b Rellis Campus
|c Joint Library Facility
|d Remote Storage
|t 0
|e NA12 .R65
|h Library of Congress classification
|i unmediated -- volume
|k v.123:issue 11-12
|l 2016:Nov.-Dec.
|m A14850112542
|
| 952 |
f |
f |
|p ric
|a Texas A&M University
|b Rellis Campus
|c Joint Library Facility
|d Remote Storage
|t 0
|e NA12 .R65
|h Library of Congress classification
|i unmediated -- volume
|k v.107:no.7-9
|l 2000:July-Sept.
|m A14827927929
|
| 952 |
f |
f |
|p ric
|a Texas A&M University
|b Rellis Campus
|c Joint Library Facility
|d Remote Storage
|t 0
|e NA12 .R65
|h Library of Congress classification
|i unmediated -- volume
|k v.121:no.4-6
|l 2014:Apr.-June
|m A14842846298
|
| 952 |
f |
f |
|p ric
|a Texas A&M University
|b Rellis Campus
|c Joint Library Facility
|d Remote Storage
|t 0
|e NA12 .R65
|h Library of Congress classification
|i unmediated -- volume
|k v.118:no.5-7/8
|l 2011:May-July/Aug.
|m A14841641113
|
| 952 |
f |
f |
|p ric
|a Texas A&M University
|b Rellis Campus
|c Joint Library Facility
|d Remote Storage
|t 0
|e NA12 .R65
|h Library of Congress classification
|i unmediated -- volume
|k v.107:no.1-3
|l 2000:Jan.-Mar.
|m A14826436250
|
| 952 |
f |
f |
|p ric
|a Texas A&M University
|b Rellis Campus
|c Joint Library Facility
|d Remote Storage
|t 0
|e NA12 .R65
|h Library of Congress classification
|i unmediated -- volume
|k v.110:no.9-12
|l 2003:Sept.-Dec.
|m A14831805472
|
| 952 |
f |
f |
|p ric
|a Texas A&M University
|b Rellis Campus
|c Joint Library Facility
|d Remote Storage
|t 0
|e NA12 .R65
|h Library of Congress classification
|i unmediated -- volume
|k v.112:no.5-8
|l 2005:May-Aug.
|m A14832886942
|
| 952 |
f |
f |
|p ric
|a Texas A&M University
|b Rellis Campus
|c Joint Library Facility
|d Remote Storage
|t 0
|e NA12 .R65
|h Library of Congress classification
|i unmediated -- volume
|k v.106:no.4-6
|l 1999:Apr.-June
|m A14824936995
|
| 952 |
f |
f |
|p ric
|a Texas A&M University
|b Rellis Campus
|c Joint Library Facility
|d Remote Storage
|t 0
|e NA12 .R65
|h Library of Congress classification
|i unmediated -- volume
|k v.112:no.9-12
|l 2005:Sept.-Dec.
|m A14833459722
|
| 952 |
f |
f |
|p ric
|a Texas A&M University
|b Rellis Campus
|c Joint Library Facility
|d Remote Storage
|t 0
|e NA12 .R65
|h Library of Congress classification
|i unmediated -- volume
|k v.114:no.7-9
|l 2007:July-Sept.
|m A14836456985
|
| 952 |
f |
f |
|p ric
|a Texas A&M University
|b Rellis Campus
|c Joint Library Facility
|d Remote Storage
|t 0
|e NA12 .R65
|h Library of Congress classification
|i unmediated -- volume
|k v.104:no.1-6
|l 1997:Jan.-June
|m A14821522810
|
| 952 |
f |
f |
|p ric
|a Texas A&M University
|b Rellis Campus
|c Joint Library Facility
|d Remote Storage
|t 0
|e NA12 .R65
|h Library of Congress classification
|i unmediated -- volume
|k v.101:no.7-12
|l 1994:July-Dec.
|m A14819488107
|
| 952 |
f |
f |
|p ric
|a Texas A&M University
|b Rellis Campus
|c Joint Library Facility
|d Remote Storage
|t 0
|e NA12 .R65
|h Library of Congress classification
|i unmediated -- volume
|k v.118:no.12/119:no.1
|l 2011/2012:Dec./Jan.
|m A14841641008
|
| 952 |
f |
f |
|p ric
|a Texas A&M University
|b Rellis Campus
|c Joint Library Facility
|d Remote Storage
|t 0
|e NA12 .R65
|h Library of Congress classification
|i unmediated -- volume
|k v.124:issue 7-9
|l 2017:July-Sept.
|m A14850391757
|
| 952 |
f |
f |
|p ric
|a Texas A&M University
|b Rellis Campus
|c Joint Library Facility
|d Remote Storage
|t 0
|e NA12 .R65
|h Library of Congress classification
|i unmediated -- volume
|k v.110:no.5-8
|l 2003:May-Aug.
|m A14831805511
|
| 952 |
f |
f |
|p ric
|a Texas A&M University
|b Rellis Campus
|c Joint Library Facility
|d Remote Storage
|t 0
|e NA12 .R65
|h Library of Congress classification
|i unmediated -- volume
|k v.101:no.1-6
|l 1994:Jan.-June
|m A14819489048
|
| 952 |
f |
f |
|p ric
|a Texas A&M University
|b Rellis Campus
|c Joint Library Facility
|d Remote Storage
|t 0
|e NA12 .R65
|h Library of Congress classification
|i unmediated -- volume
|k v.102:no.7-12
|l 1995:July-Dec.
|m A14819929250
|
| 952 |
f |
f |
|p ric
|a Texas A&M University
|b Rellis Campus
|c Joint Library Facility
|d Remote Storage
|t 0
|e NA12 .R65
|h Library of Congress classification
|i unmediated -- volume
|k v.121:no.10-11
|l 2014:Oct.-Nov.
|m A14842846272
|
| 952 |
f |
f |
|p ric
|a Texas A&M University
|b Rellis Campus
|c Joint Library Facility
|d Remote Storage
|t 0
|e NA12 .R65
|h Library of Congress classification
|i unmediated -- volume
|k v.123:issue 5-6
|l 2016:May-June
|m A14850114290
|
| 952 |
f |
f |
|p ric
|a Texas A&M University
|b Rellis Campus
|c Joint Library Facility
|d Remote Storage
|t 0
|e NA12 .R65
|h Library of Congress classification
|i unmediated -- volume
|k v.115:no.7-12
|l 2008:July-Dec.
|m A14834772694
|
| 952 |
f |
f |
|p ric
|a Texas A&M University
|b Rellis Campus
|c Joint Library Facility
|d Remote Storage
|t 0
|e NA12 .R65
|h Library of Congress classification
|i unmediated -- volume
|k v.112:no.1-4
|l 2005:Jan.-Apr.
|m A14832838672
|
| 952 |
f |
f |
|p ric
|a Texas A&M University
|b Rellis Campus
|c Joint Library Facility
|d Remote Storage
|t 0
|e NA12 .R65
|h Library of Congress classification
|i unmediated -- volume
|k v.116:no.7-12
|l 2009:July-Dec.
|m A14838986449
|
| 952 |
f |
f |
|p ric
|a Texas A&M University
|b Rellis Campus
|c Joint Library Facility
|d Remote Storage
|t 0
|e NA12 .R65
|h Library of Congress classification
|i unmediated -- volume
|k v.107:no.10-12
|l 2000:Oct.-Dec.
|m A14827927880
|
| 952 |
f |
f |
|p ric
|a Texas A&M University
|b Rellis Campus
|c Joint Library Facility
|d Remote Storage
|t 0
|e NA12 .R65
|h Library of Congress classification
|i unmediated -- volume
|k v.108:no.4-6
|l 2001:Apr.-June
|m A14827928006
|
| 952 |
f |
f |
|p ric
|a Texas A&M University
|b Rellis Campus
|c Joint Library Facility
|d Remote Storage
|t 0
|e NA12 .R65
|h Library of Congress classification
|i unmediated -- volume
|k v.107:no.4-6
|l 2000:Apr.-June
|m A14850475691
|
| 952 |
f |
f |
|p ric
|a Texas A&M University
|b Rellis Campus
|c Joint Library Facility
|d Remote Storage
|t 0
|e NA12 .R65
|h Library of Congress classification
|i unmediated -- volume
|k v.113:no.7-9
|l 2006:July-Sept.
|m A14834662938
|
| 952 |
f |
f |
|p ric
|a Texas A&M University
|b Rellis Campus
|c Joint Library Facility
|d Remote Storage
|t 0
|e NA12 .R65
|h Library of Congress classification
|i unmediated -- volume
|k v.125:issue 4-6
|l 2018:Apr.-June
|m A14850391393
|
| 952 |
f |
f |
|p ric
|a Texas A&M University
|b Rellis Campus
|c Joint Library Facility
|d Remote Storage
|t 0
|e NA12 .R65
|h Library of Congress classification
|i unmediated -- volume
|k v.109:no.4-6
|l 2002:Apr.-June
|m A14829305416
|
| 952 |
f |
f |
|p ric
|a Texas A&M University
|b Rellis Campus
|c Joint Library Facility
|d Remote Storage
|t 0
|e NA12 .R65
|h Library of Congress classification
|i unmediated -- volume
|k v.117:no.5-7/8
|l 2010:May-July/Aug.
|m A14839511467
|
| 952 |
f |
f |
|p ric
|a Texas A&M University
|b Rellis Campus
|c Joint Library Facility
|d Remote Storage
|t 0
|e NA12 .R65
|h Library of Congress classification
|i unmediated -- volume
|k v.124:issue 1-3
|l 2017:Jan.-Mar.
|m A14850114316
|
| 952 |
f |
f |
|p ric
|a Texas A&M University
|b Rellis Campus
|c Joint Library Facility
|d Remote Storage
|t 0
|e NA12 .R65
|h Library of Congress classification
|i unmediated -- volume
|k v.114:no.10,12
|l 2007:Oct.,Dec.
|m A14836402732
|
| 952 |
f |
f |
|p ric
|a Texas A&M University
|b Rellis Campus
|c Joint Library Facility
|d Remote Storage
|t 0
|e NA12 .R65
|h Library of Congress classification
|i unmediated -- volume
|k v.121:no.7-9
|l 2014:July-Sept.
|m A14842846280
|
| 952 |
f |
f |
|p ric
|a Texas A&M University
|b Rellis Campus
|c Joint Library Facility
|d Remote Storage
|t 0
|e NA12 .R65
|h Library of Congress classification
|i unmediated -- volume
|k v.119:no.2-4
|l 2012:Feb.-Apr.
|m A14841640963
|
| 952 |
f |
f |
|p ric
|a Texas A&M University
|b Rellis Campus
|c Joint Library Facility
|d Remote Storage
|t 0
|e NA12 .R65
|h Library of Congress classification
|i unmediated -- volume
|k v.122:issue 9-12
|l 2015:Sept.-Dec.
|m A14843541302
|
| 952 |
f |
f |
|p ric
|a Texas A&M University
|b Rellis Campus
|c Joint Library Facility
|d Remote Storage
|t 0
|e NA12 .R65
|h Library of Congress classification
|i unmediated -- volume
|k v.113:no.1-2
|l 2006:Jan.-Feb.
|m A14834633701
|
| 952 |
f |
f |
|p ric
|a Texas A&M University
|b Rellis Campus
|c Joint Library Facility
|d Remote Storage
|t 0
|e NA12 .R65
|h Library of Congress classification
|i unmediated -- volume
|k v.102:no.1-6
|l 1995:Jan.-June
|m A14819488157
|
| 952 |
f |
f |
|p ric
|a Texas A&M University
|b Rellis Campus
|c Joint Library Facility
|d Remote Storage
|t 0
|e NA12 .R65
|h Library of Congress classification
|i unmediated -- volume
|k v.117:no.2-4
|l 2010:Feb.-Apr.
|m A14839511302
|
| 952 |
f |
f |
|p ric
|a Texas A&M University
|b Rellis Campus
|c Joint Library Facility
|d Remote Storage
|t 0
|e NA12 .R65
|h Library of Congress classification
|i unmediated -- volume
|k v.114:no.1-3
|l 2007:Jan.-Mar.
|m A14835880458
|
| 952 |
f |
f |
|p ric
|a Texas A&M University
|b Rellis Campus
|c Joint Library Facility
|d Remote Storage
|t 0
|e NA12 .R65
|h Library of Congress classification
|i unmediated -- volume
|k v.106:no.1-3
|l 1999:Jan.-Mar.
|m A14824936945
|
| 952 |
f |
f |
|p ric
|a Texas A&M University
|b Rellis Campus
|c Joint Library Facility
|d Remote Storage
|t 0
|e NA12 .R65
|h Library of Congress classification
|i unmediated -- volume
|k v.119:no.12/120:no.1-2
|l 2012/2013:Dec./Jan.-Feb.
|m A14841640882
|
| 952 |
f |
f |
|p ric
|a Texas A&M University
|b Rellis Campus
|c Joint Library Facility
|d Remote Storage
|t 0
|e NA12 .R65
|h Library of Congress classification
|i unmediated -- volume
|k v.109:no.1-3
|l 2002:Jan.-Mar.
|m A14829305377
|
| 952 |
f |
f |
|p ric
|a Texas A&M University
|b Rellis Campus
|c Joint Library Facility
|d Remote Storage
|t 0
|e NA12 .R65
|h Library of Congress classification
|i unmediated -- volume
|k v.119:no.9-11
|l 2012:Sept.-Nov.
|m A14841641163
|
| 952 |
f |
f |
|p ric
|a Texas A&M University
|b Rellis Campus
|c Joint Library Facility
|d Remote Storage
|t 0
|e NA12 .R65
|h Library of Congress classification
|i unmediated -- volume
|l 1997:June:Suppl.
|m A14822120043
|
| 952 |
f |
f |
|p ric
|a Texas A&M University
|b Rellis Campus
|c Joint Library Facility
|d Remote Storage
|t 0
|e NA12 .R65
|h Library of Congress classification
|i unmediated -- volume
|k v.105:no.10-12
|l 1998:Oct.-Dec.
|m A14825272548
|
| 952 |
f |
f |
|p ric
|a Texas A&M University
|b Rellis Campus
|c Joint Library Facility
|d Remote Storage
|t 0
|e NA12 .R65
|h Library of Congress classification
|i unmediated -- volume
|k v.105:no.7-9
|l 1998:July-Sept.
|m A14825272556
|
| 998 |
f |
f |
|a NA12 .R65
|s v.117-125 (2010/2011-2018)
|t 0
|l Remote Storage
|